[Event "Chebanenko Rapid Open"]
[Site "Chisinau MDA"]
[Date "2017.03.31"]
[Round "6.2"]
[White "Short,N"]
[Black "Bernadskiy,V"]
[Result "1/2-1/2"]
[WhiteElo "2683"]
[BlackElo "2514"]

1.e4 c6 2.Nc3 d5 3.d3 e5 4.f4 dxe4 5.Nxe4 exf4 6.Bxf4 Nf6 7.Nf3 Nxe4 8.dxe4 Qb6
9.Bc4 Be7 10.Qe2 O-O 11.O-O-O Nd7 12.Rhf1 Nc5 13.Nd4 Be6 14.Nxe6 Nxe6 15.Bxe6 fxe6
16.Qg4 Rf6 17.e5 Rg6 18.Qe2 Rf8 19.g3 Bg5 20.Bxg5 Rxf1 21.Rxf1 Rxg5 22.g4 Qd4
23.Qf3 h6 24.h3 Rxe5 25.Kb1 Qd2 26.Qf7+ Kh7 27.a3 Re2 28.Rc1 b5 29.Qxa7 e5
30.Qf7 Rf2 31.Qe8 Qd5 32.h4 Rf6 33.g5 Qe6 34.Qb8 Rf4 35.gxh6 Qxh6 36.Qxe5 Rxh4
37.b3 Qf4 38.Qc5 Qe4 39.Rg1 Rh1 40.Rxh1+ Qxh1+ 41.Kb2 Qe4 42.a4 bxa4 43.bxa4 Qxa4
44.Qh5+  1/2-1/2

[Event "Chebanenko Rapid Open"]
[Site "Chisinau MDA"]
[Date "2017.04.01"]
[Round "9.2"]
[White "Short,N"]
[Black "Postny,E"]
[Result "1/2-1/2"]
[WhiteElo "2683"]
[BlackElo "2606"]

1.e4 e5 2.Nf3 Nc6 3.Bc4 Nf6 4.Ng5 d5 5.exd5 Na5 6.Bb5+ Bd7 7.Qe2 Be7 8.Nc3 Bxb5
9.Qxb5+ c6 10.dxc6 Nxc6 11.Nf3 O-O 12.d3 Nd4 13.Nxd4 exd4 14.Ne2 Rc8 15.Qb3 Qa5+
16.Bd2 Qe5 17.Kf1 Rfe8 18.Ng1 Rc6 19.Nf3 Qc5 20.c4 dxc3 21.Bxc3 Qf5 22.Rd1 Rb6
23.Qa4 Ra6 24.Qb3 Rb6  1/2-1/2

[Event "17th BCC Open 2017"]
[Site "Cha-Am THA"]
[Date "2017.04.08"]
[Round "1.2"]
[White "Short,N"]
[Black "Wiwatanadate,P"]
[Result "1-0"]
[WhiteElo "2683"]
[BlackElo "2015"]

1.e4 e6 2.d4 d5 3.Nc3 Nf6 4.exd5 exd5 5.Bg5 Be7 6.Qd2 c6 7.Bd3 Bg4 8.h3 Bh5
9.f4 h6 10.Bxf6 Bxf6 11.g4 Bg6 12.f5 Bh4+ 13.Kf1 Bh7 14.Nf3 O-O 15.Ne2 Nd7
16.Nf4 g6 17.Nxg6 fxg6 18.Qxh6 g5 19.Nxh4 gxh4 20.Re1 Qf6 21.Re6 Qg7 22.Qxh4 Rae8
23.Qe1 Qf7 24.Rxe8 Rxe8 25.Qd2 Qg7 26.Qf4 Kh8 27.Rh2 Nf6 28.Re2 Ne4 29.c3 Nf6
30.Rxe8+ Nxe8 31.Kf2 Bg8 32.g5 b6 33.f6 Nxf6 34.gxf6  1-0

[Event "17th BCC Open 2017"]
[Site "Cha-Am THA"]
[Date "2017.04.09"]
[Round "2.2"]
[White "Habla,J"]
[Black "Short,N"]
[Result "1/2-1/2"]
[WhiteElo "2226"]
[BlackElo "2683"]

1.d4 Nf6 2.c4 e6 3.Nf3 d5 4.e3 c5 5.Nc3 a6 6.cxd5 exd5 7.dxc5 Bxc5 8.Be2 O-O
9.O-O Nc6 10.b3 Bf5 11.Bb2 Rc8 12.Rc1 Ba7 13.Bd3 Bg4 14.Be2 Qd6 15.e4 Bb8
16.Nxd5 Nxe4 17.Ne3 Be6 18.Qxd6 Bxd6 19.Bc4 Nb4 20.a3 Na2 21.Rc2 b5 22.Bxe6 fxe6
23.Rxc8 Rxc8 24.Ra1 Nac3 25.Kf1 Kf7 26.Rc1 Rc7 27.b4 g6 28.g3 Ke7 29.Ke1 Kd7
30.Rc2 e5 31.h4 h5 32.g4 Ke6 33.gxh5 gxh5 34.Bxc3 Nxc3 35.Ng5+ Kd7 36.Rd2 Nb1
37.Rd3 Rc1+ 38.Ke2 Kc6 39.Ne4 Bc7 40.Nf5 Bb6 41.Ne7+ Kb7 42.Rd7+ Kb8 43.Nd5 Bd4
44.Nd6 Nc3+ 45.Kd2 Nxd5 46.Kxc1 Bxf2 47.Ne4 Nb6 48.Rh7 Bxh4 49.Rxh5 Bd8 50.Rxe5 Nc4
51.Rd5 Bb6 52.Rd3 Kc7 53.Kc2 a5 54.Kb3 Ne5 55.Rd5 Nf3 56.Kc3 Kc6 57.Rf5 axb4+
58.axb4 Nd4 59.Rf6+ Kd5 60.Kd3 Bc7 61.Rf7 Ne6 62.Nc3+ Kc6 63.Rf6 Kd7 64.Nxb5 Bd8
65.Rf7+ Be7 66.Kc4 Nd8 67.Rf5 Nc6 68.Rd5+ Kc8 69.Nd6+ Kc7 70.Ne8+ Kb6 71.b5 Na5+
72.Kc3 Nb7 73.Kb3 Na5+ 74.Ka4 Nb7 75.Kb3 Na5+ 76.Kc3 Nb7 77.Rh5 Bc5 78.Kc4 Na5+
79.Kd5 Kxb5 80.Nc7+ Kb6 81.Na8+ Kb5 82.Nc7+ Kb6 83.Ne6 Bb4 84.Nd4 Bc3 85.Rh6+ Kb7
86.Rh7+ Kb6 87.Rh6+ Kb7 88.Nb5 Bb4 89.Rh4 Bf8 90.Rh8 Kb6 91.Nd4 Bg7 92.Rb8+ Kc7
93.Rb5 Bxd4 94.Kxd4 Nc6+ 95.Kd5 Ne7+ 96.Kc5 Kd7 97.Rb6 Nf5 98.Rg6 Ne7 99.Rd6+ Ke8
100.Re6 Kd7 101.Re1 Ng6 102.Re4 Ne7 103.Re5 Ng6 104.Rg5 Ne7 105.Rg1 Ke6 106.Rf1 Nf5
107.Re1+ Kf6 108.Kd5 Ne7+ 109.Kd6 Nf5+ 110.Kd7 Ng3 111.Re3 Nf5  1/2-1/2

[Event "17th BCC Open 2017"]
[Site "Cha-Am THA"]
[Date "2017.04.10"]
[Round "3.15"]
[White "Short,N"]
[Black "Tarigan,Gilbert Elroy"]
[Result "1-0"]
[WhiteElo "2683"]
[BlackElo "2066"]

1.e4 c6 2.Nf3 d5 3.Nc3 g6 4.d4 Bg7 5.h3 dxe4 6.Nxe4 Nf6 7.Nxf6+ exf6 8.Bc4 O-O
9.O-O Re8 10.a4 Be6 11.Bxe6 Rxe6 12.Re1 Qe8 13.Bd2 Na6 14.c4 Rxe1+ 15.Bxe1 Qd7
16.Qb3 Re8 17.Bc3 h6 18.a5 Qc8 19.Rd1 Rd8 20.Bd2 Nc7 21.Be3 a6 22.Ne1 f5
23.f3 Qe6 24.Nc2 Qc8 25.Na3 Bf8 26.d5 cxd5 27.cxd5 Bxa3 28.bxa3 Nb5 29.Rd3 Kh7
30.a4 Nd6 31.Rc3 Qd7 32.Qb4 Rc8 33.Rxc8 Nxc8 34.Qf8 f4 35.Bd4 f6 36.Qxf6 g5
37.Be5 Na7 38.Kh2 Nc8 39.d6 Kg8 40.Qg6+ Kf8 41.Qxh6+ Kf7 42.Qf6+ Ke8 43.Qg6+ Kf8
44.Bg7+ Kg8 45.Bh6+  1-0

[Event "17th BCC Open 2017"]
[Site "Cha-Am THA"]
[Date "2017.04.13"]
[Round "6.1"]
[White "Shomoev,A"]
[Black "Short,N"]
[Result "1/2-1/2"]
[WhiteElo "2543"]
[BlackElo "2683"]

1.d4 Nf6 2.c4 e6 3.g3 c5 4.Nf3 cxd4 5.Nxd4 d5 6.Bg2 e5 7.Nf3 d4 8.O-O Nc6
9.e3 Be7 10.exd4 exd4 11.Bf4 Be6 12.Nbd2 O-O 13.Ne5 Rc8 14.Re1 Qb6 15.Qb3 Rfd8
16.Rad1 h6 17.h3 Bd6 18.Ndf3 Nxe5 19.Bxe5 Qxb3 20.axb3 Bb4 21.Re2 d3 22.Re3 d2
23.Nd4 Rd7 24.Re2 Rcd8 25.Nc2 Ba5 26.Bc3 Bxc3 27.bxc3 Rd3 28.Nd4 Rxc3 29.Rexd2 b6
30.Kf1 a5 31.Ke1 Rd6 32.Ra1 Nd7 33.Rb1 Nc5 34.Rbd1 Bd7 35.Bd5 g5 36.f3 Rf6
37.Ke2 Kg7 38.Rb1 Bf5 39.Rbb2 Bd3+ 40.Kf2 Ne4+ 41.Ke1 Rc1+ 42.Rd1 Rxd1+ 43.Kxd1 Nxg3
44.b4 axb4 45.Rxb4 Rf4 46.Nc6 Be2+ 47.Kd2 Bxf3 48.Rxb6 h5 49.Rb5 Kf6 50.Kd3 Nf5
51.Rb6 Bxd5 52.cxd5 Nd6 53.Rb8 Rh4 54.Rh8 Nf5 55.d6 Rxh3+ 56.Kd2 Rh2+ 57.Ke1 Nxd6
58.Rh6+ Kf5 59.Rxd6 h4 60.Kf1 g4 61.Rd5+ Kf4 62.Rd4+ Kg5 63.Rd5+ Kf4 64.Rd4+ Kf5
65.Rd5+ Ke6 66.Rg5 g3 67.Nd4+ Kf6 68.Rg4 Rf2+ 69.Kg1 Ke5 70.Rxh4 f5 71.Nxf5  1/2-1/2

[Event "17th BCC Open 2017"]
[Site "Cha-Am THA"]
[Date "2017.04.15"]
[Round "8.1"]
[White "Sengupta,D"]
[Black "Short,N"]
[Result "0-1"]
[WhiteElo "2583"]
[BlackElo "2683"]

1.e4 e5 2.Nf3 Nc6 3.d4 exd4 4.Nxd4 Nf6 5.Nxc6 bxc6 6.e5 Qe7 7.Qe2 Nd5 8.c4 Nb6
9.Nc3 a5 10.Qe4 g6 11.Bd3 Bg7 12.O-O O-O 13.f4 Ba6 14.Be3 f5 15.exf6 Qxf6
16.f5 d5 17.Qg4 g5 18.Rad1 Rae8 19.Bc5 Bxc4 20.Bxf8 Kxf8 21.Qg3 Re7 22.b3 Qxc3
23.f6 Bxf6 24.bxc4 Rf7 25.Rf3 Nxc4 26.Bxc4 Qxc4 27.Qf2 Kg7 28.Kh1 Rf8 29.Rf1 Bd4
30.Rf7+ Kh6 31.Qe1 Rxf7 32.Rxf7 Be5 33.Qb1 Bg7 34.h3 d4 35.Qf5 Qe2 36.g4 Qe1+
37.Kg2 Qe2+ 38.Kg1 Qe1+ 39.Kg2 Qe2+ 40.Kg1 Qe1+ 41.Qf1 Qg3+ 42.Qg2 Qd6 43.Rf3 c5
44.Qe2 Bf6 45.h4 gxh4 46.Qc4 Kg7 47.Kf1 Qc6 48.Kf2 h6 49.a4 Qd6 50.Kf1 c6
51.Rf5 d3 52.Qxc5 Qe6 53.Qa7+ Kg6 54.Qf2 Bg5 55.Qf3 d2 56.Kg2 Qd6 57.Qb3 Qg3+
58.Qxg3 hxg3 59.Rf1 c5 60.Kf3 c4 61.Ke2 c3 62.Kd3 Bf6  0-1

[Event "17th BCC Open 2017"]
[Site "Cha-Am THA"]
[Date "2017.04.16"]
[Round "9.1"]
[White "Short,N"]
[Black "Rozum,I"]
[Result "1/2-1/2"]
[WhiteElo "2683"]
[BlackElo "2600"]

1.e4 c6 2.Nf3 d5 3.Nc3 Bg4 4.h3 Bxf3 5.Qxf3 Nf6 6.g3 e6 7.Bg2 Bc5 8.O-O Nbd7
9.d3 O-O 10.Qe2 Bd4 11.Nb1 e5 12.Nd2 Re8 13.Nb3 Bb6 14.a4 a5 15.h4 Qc7 16.Bd2 Re6
17.Bf3 Nc5 18.Nxc5  1/2-1/2

[Event "chess.com IoM Masters"]
[Site "Douglas ENG"]
[Date "2017.09.24"]
[Round "2.9"]
[White "Gaponenko,I"]
[Black "Short,N"]
[Result "0-1"]
[WhiteElo "2437"]
[BlackElo "2698"]

1.e4 e6 2.d4 d5 3.Nc3 Nf6 4.e5 Nfd7 5.f4 c5 6.Nf3 Nc6 7.Be3 Be7 8.Qd2 O-O
9.dxc5 Nxc5 10.O-O-O b6 11.h4 Bb7 12.Qe1 Qc8 13.Bxc5 bxc5 14.f5 Qb8 15.fxe6 fxe6
16.Ng5 Bxg5+ 17.hxg5 Qxe5 18.Bd3 g6 19.Qh4 Qf4+ 20.Kb1 Qxh4 21.Rxh4 c4 22.Be2 Rae8
23.b3 cxb3 24.axb3 Rf5 25.Rg4 Re7 26.Bd3 Rf2 27.Re1 a5 28.Nd1 Rf8 29.Ra4 Ra8
30.Nf2 e5 31.Ng4 Kg7 32.Bb5 e4 33.Bxc6 Bxc6 34.Rd4 Rf8 35.c4 dxc4 36.Rxc4 Bb5
37.Rc5 Rf5 38.Rec1 e3 39.Rc7 Rff7 40.Rxe7 Rxe7 41.Kc2 e2 42.Kd2 Rd7+ 43.Ke1 Rd5
44.Rc7+ Kf8 45.Ne3 Rxg5 46.Rxh7 Rc5  0-1

[Event "chess.com IoM Masters"]
[Site "Douglas ENG"]
[Date "2017.09.25"]
[Round "3.6"]
[White "Short,N"]
[Black "Tari,A"]
[Result "1/2-1/2"]
[WhiteElo "2698"]
[BlackElo "2588"]

1.e4 c6 2.Nc3 d5 3.Nf3 Nf6 4.e5 Ne4 5.d4 Nxc3 6.bxc3 c5 7.Rb1 Nc6 8.dxc5 e6
9.Bd3 Bxc5 10.O-O h6 11.Qe2 O-O 12.c4 Nb4 13.Be3 Nxd3 14.cxd3 Bxe3 15.Qxe3 dxc4
16.dxc4 b6 17.c5 Bb7 18.Rfc1 Qd7 19.cxb6 axb6 20.a3 Rfc8 21.Rxc8+ Rxc8 22.Qxb6 Bxf3
23.gxf3 Qd3 24.Qb7 Rc4 25.Ra1 Ra4 26.Qc6 Rxa3 27.Qe8+ Kh7 28.Rxa3 Qxa3 29.Qxf7 Qc1+
30.Kg2 Qg5+ 31.Kh1 Qxe5 32.Qb7  1/2-1/2

[Event "chess.com IoM Masters"]
[Site "Douglas ENG"]
[Date "2017.09.26"]
[Round "4.8"]
[White "Deac,Bogdan-Daniel"]
[Black "Short,N"]
[Result "1/2-1/2"]
[WhiteElo "2559"]
[BlackElo "2698"]

1.d4 d5 2.c4 e6 3.Nf3 a6 4.cxd5 exd5 5.Nc3 c6 6.Qb3 b5 7.g3 Be7 8.Bg2 Nf6
9.O-O O-O 10.Ne5 Qb6 11.Rd1 Be6 12.Qc2 Rc8 13.Bg5 a5 14.e3 Qd8 15.Ne2 g6
16.Nf4 Bf5 17.Qe2 Nbd7 18.Nfd3 Bxd3 19.Nxd3 Ne4 20.Bxe7 Qxe7 21.Rac1 Rc7
22.Rc2 f5 23.Rdc1 Qd6 24.Ne5 Rac8 25.f3 Nef6 26.f4 Nb6 27.b3 a4 28.Qd2 axb3
29.axb3 Nbd7 30.Qa5 Kg7 31.Bf3 Nb8 32.Be2 Rb7 33.Bd3 Rcc7 34.Qc3 Ra7 35.Qc5 Qd8
36.Qb4 Qc8 37.h3 Qe6 38.Kg2 Nfd7 39.Kf3 c5 40.dxc5 Nxe5+ 41.fxe5 Nc6 42.Qc3 b4
43.Qd2 Ra3 44.Bb5 Nxe5+ 45.Kf2 Rxb3 46.c6 g5 47.Qd4 Kg6 48.Rc5 g4 49.Qxd5 Rb2+
50.Be2 Qxd5 51.Rxd5 Rxc6 52.Rxc6+ Nxc6 53.Rd6+ Kg7 54.hxg4 Ne7 55.gxf5 Nxf5
56.Rb6 Nxg3 57.Kxg3 Rxe2 58.Rxb4 Rxe3+ 59.Kg4 Re7  1/2-1/2

[Event "chess.com IoM Masters"]
[Site "Douglas ENG"]
[Date "2017.09.27"]
[Round "5.9"]
[White "Short,N"]
[Black "L'Ami,E"]
[Result "1/2-1/2"]
[WhiteElo "2698"]
[BlackElo "2611"]

1.d4 Nf6 2.c4 e6 3.Nf3 Bb4+ 4.Bd2 Bxd2+ 5.Qxd2 O-O 6.g3 d5 7.Bg2 c6 8.O-O Nbd7
9.Rc1 b6 10.cxd5 cxd5 11.Nc3 Bb7 12.Ne5 a6 13.f4 Qe7 14.Rc2 Rfc8 15.Rac1 Qd8
16.e3 Rc7 17.Bf1 Rac8 18.Bd3 Nxe5 19.fxe5 Nd7 20.Ne2 Rxc2 21.Rxc2 Rxc2 22.Qxc2 h6
23.Nf4 Qc8 24.Qxc8+ Bxc8 25.h4 Kf8 26.g4 Ke7 27.g5 hxg5 28.hxg5 g6 29.e4 dxe4
30.Bxe4 a5 31.Kf2 Ba6 32.Ke3 Nf8 33.Nh3 Bf1 34.Nf2 Bc4 35.a3 Bd5 36.Bd3 Nd7
37.b4 axb4 38.axb4 Nb8 39.b5 Nd7 40.Nd1 Kd8 41.Nc3 Ke7 42.Be4 Bxe4 43.Nxe4 Kd8
44.Nd6 Ke7 45.Ke4 Kf8 46.Nc8 Ke8 47.d5 Kd8 48.Nd6 Ke7 49.Kd4 Kf8 50.Nc8 Ke8
51.dxe6 fxe6 52.Nxb6 Nxb6 53.Kc5 Nd7+ 54.Kd6 Kd8 55.Kxe6 Kc7 56.b6+ Nxb6
57.Kf7 Nd5 58.Kxg6 Kd7 59.Kf7 Nf4 60.g6 Nxg6 61.Kxg6 Ke6 62.Kh7 Kxe5  1/2-1/2

[Event "chess.com IoM Masters"]
[Site "Douglas ENG"]
[Date "2017.09.28"]
[Round "6.8"]
[White "Donchenko,Alexa"]
[Black "Short,N"]
[Result "1/2-1/2"]
[WhiteElo "2559"]
[BlackElo "2698"]

1.d4 e6 2.c4 Nf6 3.Nc3 Bb4 4.Qc2 d5 5.cxd5 exd5 6.Bg5 Be6 7.e3 Nbd7 8.a3 Bxc3+
9.Qxc3 h6 10.Bh4 Rc8 11.Bd3 Ne4 12.Bxd8 Nxc3 13.Bh4 Ne4 14.Ne2 g5 15.Bg3 Nxg3
16.Nxg3 c5 17.dxc5 Nxc5 18.Rd1 O-O 19.h4 d4 20.exd4 Nxd3+ 21.Rxd3 Rc1+ 22.Rd1 Rxd1+
23.Kxd1 Rd8 24.Ne2 Bc4 25.hxg5 hxg5 26.Rh5 f6 27.Rh3 Bxe2+ 28.Kxe2 Rxd4 29.Rd3 Re4+
30.Re3 Rc4 31.Kd3  1/2-1/2

[Event "chess.com IoM Masters"]
[Site "Douglas ENG"]
[Date "2017.09.29"]
[Round "7.14"]
[White "Short,N"]
[Black "Narayanan,SL"]
[Result "1/2-1/2"]
[WhiteElo "2698"]
[BlackElo "2568"]

1.d4 Nf6 2.Nf3 d5 3.c4 e6 4.Nc3 c6 5.cxd5 exd5 6.Qc2 Na6 7.Bg5 Be7 8.e3 Nb4
9.Qb1 g6 10.Qd1 a5 11.a3 Na6 12.Bd3 Nc7 13.Ne5 Ne6 14.h4 Nd7 15.Bxe7 Qxe7
16.f4 Ng7 17.Qf3 h5 18.O-O Nxe5 19.fxe5 Bf5 20.e4 dxe4 21.Bxe4 Rd8 22.Qf2 O-O
23.Rae1 Qe6 24.Qe3 Rd7 25.Na4 Rdd8 26.Nc5 Qe7 27.Bxf5 Nxf5 28.Rxf5 gxf5 29.Rf1 Qxh4
30.Rf4 Qg5 31.Qf2 b6 32.Rxf5 Qg4 33.Ne4 Qxe4 34.Qg3+ Qg4 35.Rg5+ Kh7 36.Rxg4 hxg4
37.Qh4+ Kg7 38.Qxg4+ Kh7 39.Qe4+ Kg8 40.Qxc6 Rxd4 41.Qxb6 Rd1+ 42.Kh2 Rd5
43.e6 Rh5+ 44.Kg1 fxe6 45.Qxe6+ Kh8 46.Qg4 Rff5 47.Qd4+ Re5 48.g4 Rg5 49.Kf2 Kg8
50.Kg3 Kf7 51.Kf4 Rc5 52.Qd7+ Kg6 53.Qe6+ Kg7 54.b3 Rcd5 55.Ke4 Rd1 56.Qc8 Rf1
57.b4 axb4 58.axb4 Rf8 59.Qc7+ Rf7 60.Qg3 Rb7 61.Qc3+ Kh7 62.Kf3 Rgb5 63.Qd3+ Kg7
64.Qd4+ Kg6 65.Qd6+ Kg7 66.Kg3 Rxb4 67.Kh4 R7b5 68.Qe6 Rb1 69.Qd7+ Kg6 70.Qc6+ Kg7
71.g5 Rb6 72.Qd7+ Kg6 73.Qd3+ Kg7 74.Qd4+ Kf7 75.Qd5+ Ke7 76.Kh5 R1b5 77.Qc4 Kd7
78.Qf7+ Kd8 79.Qf8+ Kd7 80.Qf4 Rc5 81.Qd4+ Kc6 82.Kg4 Kb5 83.Qd3+ Ka4 84.Qd1+ Ka5
85.Qa1+ Kb5 86.Qb2+ Kc6 87.Qg2+ Kc7 88.Qg3+ Kc8 89.Qe3 Rcc6 90.Qe7 Ra6 91.Kh5 Rab6
92.g6 Rxg6 93.Qe8+ Kb7 94.Qf7+ Ka6 95.Qxg6 Rxg6 96.Kxg6  1/2-1/2

[Event "Negros Open 2017"]
[Site "Bacolod City PHI"]
[Date "2017.10.11"]
[Round "1.1"]
[White "Fronda,J"]
[Black "Short,N"]
[Result "0-1"]
[WhiteElo "2170"]
[BlackElo "2698"]

1.d4 Nc6 2.Nf3 d5 3.c4 Bg4 4.cxd5 Bxf3 5.dxc6 Bxc6 6.Nc3 e6 7.a3 f5 8.h4 Bd6
9.Bg5 Qd7 10.e3 h6 11.Qh5+ Kf8 12.O-O-O g6 13.Qxg6 hxg5 14.Bc4 Rh6 15.Qxg5 Be7
16.Qg3 Qd6 17.Qxd6 cxd6 18.d5 exd5 19.Bxd5 Bxh4 20.g3 Be7 21.Bxc6 bxc6 22.Ne2 Kf7
23.Nf4 Rxh1 24.Rxh1 Nf6 25.f3 Rg8 26.Ne2 c5 27.Kd2 d5 28.Kd3 Bd6 29.Rh3 a5
30.b3 Be5 31.Kc2 Ke7 32.f4 Bd6 33.Nc3 Kf7 34.Kd3 Rb8 35.Kc2 c4 36.bxc4 dxc4
37.a4 Bc5  0-1

[Event "Negros Open 2017"]
[Site "Bacolod City PHI"]
[Date "2017.10.12"]
[Round "2.1"]
[White "Short,N"]
[Black "Elorta,D"]
[Result "1-0"]
[WhiteElo "2698"]
[BlackElo "2313"]

1.d4 d5 2.c4 e6 3.Nc3 Nf6 4.cxd5 exd5 5.Bg5 Be7 6.e3 O-O 7.Bd3 Nbd7 8.Nf3 c5
9.O-O b6 10.Ne5 Bb7 11.Qf3 cxd4 12.exd4 Nxe5 13.dxe5 Nd7 14.Qh3 g6 15.Bh6 Re8
16.Bb5 Nc5 17.Rad1 Bc8 18.Qf3 Bd7 19.Rxd5 Qc8 20.Rxc5 bxc5 21.Nd5  1-0

[Event "Negros Open 2017"]
[Site "Bacolod City PHI"]
[Date "2017.10.13"]
[Round "3.1"]
[White "Tran,Minh Thang"]
[Black "Short,N"]
[Result "1/2-1/2"]
[WhiteElo "2352"]
[BlackElo "2698"]

1.d4 Nf6 2.c4 e6 3.Nf3 a6 4.Nc3 d5 5.cxd5 exd5 6.Bg5 Be7 7.Qc2 O-O 8.e3 Be6
9.h3 Nbd7 10.Bd3 h6 11.Bf4 c5 12.dxc5 Nxc5 13.O-O Rc8 14.Be5 d4 15.Bxf6 dxc3
16.Bh7+ Kh8 17.Bxc3 f5 18.Bg6 Bf6 19.Rad1 Qe7 20.Nd4 Bxd4 21.exd4 Ne4 22.d5 Bd7
23.Bh5 Qh4 24.Bf3 Nxc3 25.bxc3 Ba4 26.Qb2 Bxd1 27.Rxd1 b5 28.d6 Qf6 29.d7 Rc7
30.Bh5 Rd8 31.Be8 Rxc3 32.Qb4 Rc2 33.Rd6 Qe5 34.Rxh6+ gxh6 35.Qf8+ Kh7 36.Qf7+ Kh8
37.Qf8+ Kh7 38.Qf7+ Kh8  1/2-1/2

[Event "Negros Open 2017"]
[Site "Bacolod City PHI"]
[Date "2017.10.14"]
[Round "4.2"]
[White "Short,N"]
[Black "Yap,K"]
[Result "1-0"]
[WhiteElo "2698"]
[BlackElo "2361"]

1.d4 Nf6 2.Nf3 g6 3.Bg5 Bg7 4.c3 O-O 5.Nbd2 h6 6.Bh4 d6 7.e4 Nc6 8.Be2 Nh5
9.d5 Nb8 10.O-O Nd7 11.Re1 a6 12.Nd4 Nf4 13.Bf1 Ne5 14.N2b3 c5 15.dxc6 bxc6
16.Bg3 g5 17.Qd2 Nfg6 18.Nf5 Rb8 19.Nxg7 Kxg7 20.Nd4 e6 21.b4 c5 22.Nb3 cxb4
23.cxb4 Qb6 24.a3 Bd7 25.Kh1 Rfc8 26.f3 Ba4 27.Bf2 Qd8 28.Nd4 Nc4 29.Qa2 d5
30.Rac1 Nb6 31.Bxa6 Rxc1 32.Rxc1 dxe4 33.fxe4 Qf6 34.Rf1 Qe5 35.Bg3 Nf4 36.Ne2 Qxe4
37.Nxf4 gxf4 38.Rxf4 Qg6 39.Qa1+  1-0

[Event "Negros Open 2017"]
[Site "Bacolod City PHI"]
[Date "2017.10.16"]
[Round "5.1"]
[White "Short,N"]
[Black "Antonio,R"]
[Result "1/2-1/2"]
[WhiteElo "2698"]
[BlackElo "2365"]

1.c4 e5 2.Nc3 Nc6 3.Nf3 Nf6 4.e3 d5 5.cxd5 Nxd5 6.Qc2 Be7 7.a3 Nxc3 8.dxc3 O-O
9.Bd3 Kh8 10.b4 a6 11.Bb2 f5 12.e4 f4 13.Bc4 Qe8 14.O-O-O Bf6 15.h4 Bg4 16.Rd3 Qh5
17.Nd2 Rad8 18.Nb3 Rxd3 19.Bxd3 Rd8 20.Kb1 Be7 21.a4 Qf7 22.Nc1 Be6 23.Be2 a5
24.b5 Nb8 25.c4 Nd7 26.Nb3 b6 27.h5 h6 28.Rd1 Bd6 29.Nd2 Re8 30.Nf3 Qf6 31.g3  1/2-1/2

[Event "Negros Open 2017"]
[Site "Bacolod City PHI"]
[Date "2017.10.16"]
[Round "6.2"]
[White "Montoya,E"]
[Black "Short,N"]
[Result "0-1"]
[WhiteElo "2262"]
[BlackElo "2698"]

1.c4 b6 2.Nf3 Bb7 3.d4 e6 4.g3 Bb4+ 5.Bd2 Bxf3 6.exf3 Bxd2+ 7.Nxd2 Nf6 8.f4 Nc6
9.Nf3 O-O 10.Be2 d5 11.Qa4 Ne7 12.c5 bxc5 13.dxc5 a5 14.Ne5 Qb8 15.Nd3 Qb7
16.O-O Rfb8 17.Rac1 Qb5 18.Qd1 a4 19.Re1 Qa5 20.Bf1 Nc6 21.f3 g6 22.Qe2 Nh5
23.Qf2 Ng7 24.g4 Rb7 25.Rc3 Qa7 26.Ra3 Qb8 27.Bh3 Qd8 28.Bf1 Rbb8 29.Qd2 h5
30.h3 Qf6 31.Ne5 Nxe5 32.fxe5 Qh4 33.Re2 f5 34.Rg2 Kh7 35.f4 Qe7 36.Qd4 fxg4
37.hxg4 hxg4 38.Rxg4 Nf5 39.Qf2 Rh8 40.Bd3 Kg7 41.Bxf5 exf5 42.Rg5 Rh6 43.Qd4 c6
44.b4 Kf8 45.Kg2 Qh7 46.Rag3 Rh2+ 47.Kf1 Rxa2 48.Rg1 Qh3+ 49.Ke1 Qf3 50.Rxg6  0-1

[Event "Negros Open 2017"]
[Site "Bacolod City PHI"]
[Date "2017.10.18"]
[Round "8.1"]
[White "Roque,M"]
[Black "Short,N"]
[Result "0-1"]
[WhiteElo "2309"]
[BlackElo "2698"]

1.d4 Nf6 2.Bf4 d5 3.e3 c5 4.c3 Nc6 5.Nd2 Bf5 6.Ngf3 e6 7.h3 a6 8.Be2 Bd6
9.Bxd6 Qxd6 10.O-O O-O 11.Nh4 Rfe8 12.Nxf5 exf5 13.dxc5 Qxc5 14.Nb3 Qb6 15.Qc2 g6
16.Rad1 h5 17.Rd2 Rad8 18.Rfd1 f4 19.exf4 Ne4 20.Bf3 Nxd2 21.Qxd2 a5 22.Qc1 a4
23.Nd4 Kg7 24.f5 Nxd4 25.Rxd4 a3 26.bxa3 Re5 27.fxg6 fxg6 28.Qd2 Qc7 29.Bxd5 b6
30.Bb3 Rxd4 31.cxd4 Re4 32.d5 Qe5 33.g3 Re1+ 34.Kh2 Re2 35.Qf4 Qxf4 36.gxf4 Rxf2+
37.Kg3 Rd2 38.Kf3 Kf6 39.a4 Rd3+ 40.Ke4 Rxh3 41.d6 h4 42.Kd4  0-1

[Event "Negros Open 2017"]
[Site "Bacolod City PHI"]
[Date "2017.10.19"]
[Round "9.1"]
[White "Narayanan,Sri"]
[Black "Short,N"]
[Result "0-1"]
[WhiteElo "2511"]
[BlackElo "2698"]

1.e4 e5 2.Nf3 Nc6 3.Bc4 Bc5 4.O-O Nf6 5.d3 a6 6.a4 d6 7.c3 Ba7 8.Na3 O-O
9.Bg5 h6 10.Bh4 Qe7 11.Bb3 Kh8 12.Re1 g5 13.Bg3 Bg4 14.Nc4 b5 15.Ne3 Bxe3
16.fxe3 Na5 17.Bc2 c5 18.Rf1 Nd7 19.h3 Be6 20.Be1 c4 21.d4 f6 22.Nh2 Nb6
23.Rf2 Nb3 24.Rb1 bxa4 25.Nf1 a5 26.Ng3 Rad8 27.Bd2 Qf7 28.Qe2 Qg6 29.Rbf1 Rd7
30.Bd1 Rh7 31.Qe1 g4 32.hxg4 Bxg4 33.Bxg4 Qxg4 34.Rxf6 Rxf6 35.Rxf6 Nd7 36.Rf3 Rg7
37.Qf2 Rg6 38.Be1 Nc1 39.Kf1 Nd3 40.Qc2 d5 41.Qxa4 dxe4 42.Rf5 Nf6 43.dxe5 Ng8
44.Qc2 Nxe1 45.Kxe1 Qxg3+ 46.Qf2 Qxg2 47.Qxg2 Rxg2 48.e6 Rg5 49.Rf8 Re5 50.Rc8 Kg7
51.Rxc4 Ne7 52.Rc7 Kf6 53.Ra7 h5  0-1

[Event "ch-GBR KO 2017"]
[Site "London ENG"]
[Date "2017.12.01"]
[Round "1.1"]
[White "Short,N"]
[Black "Merry,Alan B"]
[Result "1-0"]
[WhiteElo "2678"]
[BlackElo "2422"]

1.d4 Nf6 2.Nf3 g6 3.Bg5 Bg7 4.Nbd2 d5 5.e3 O-O 6.c3 b6 7.Bd3 c5 8.b4 Nbd7
9.O-O Bb7 10.Qb1 c4 11.Bc2 b5 12.a4 a6 13.Re1 Re8 14.e4 dxe4 15.Nxe4 Nb6
16.Bxf6 exf6 17.a5 Nd5 18.Nc5 Bc6 19.Be4 Rxe4 20.Qxe4 Nxb4 21.Qb1 Nd5 22.Qc1 h5
23.Kh1 Kh7 24.Ng1 Bh6 25.Qc2 Nf4 26.f3 Ra7 27.Qf2 Nd5 28.Ra3 f5 29.h4 Re7
30.Re2 Bc1 31.Ra1 Be3 32.Qe1 Bf4 33.Rxe7 Nxe7 34.Nh3 Bh6 35.Nxa6 f4 36.Nb4 Ba8
37.a6 Nf5 38.a7 Nxh4 39.Qe5 Nxf3 40.Qb8 Qh4 41.Qxa8 Ng5 42.Qc8 f3 43.a8=Q  1-0

[Event "ch-GBR KO 2017"]
[Site "London ENG"]
[Date "2017.12.01"]
[Round "1.2"]
[White "Merry,Alan B"]
[Black "Short,N"]
[Result "0-1"]
[WhiteElo "2422"]
[BlackElo "2678"]

1.e4 e5 2.Nf3 Nc6 3.Nc3 Nf6 4.Bb5 Bb4 5.O-O O-O 6.d3 d6 7.Bg5 Bxc3 8.bxc3 h6
9.Bh4 Bd7 10.Rb1 Qe7 11.Re1 Rad8 12.d4 b6 13.Qc1 Rfe8 14.h3 Na5 15.Bd3 Bc6
16.Qa3 Kh8 17.Re3 Bb7 18.Bg3 Nh5 19.dxe5 Nxg3 20.exd6 Rxd6 21.fxg3 c5 22.Rbe1 Re6
23.e5 Qc7 24.Qa4 g6 25.Qf4 Kg7 26.Nh2 c4 27.Be4 Qxe5 28.Qf3 Qc5 29.Kh1 f5  0-1

[Event "ch-GBR KO 2017"]
[Site "London ENG"]
[Date "2017.12.02"]
[Round "2.1"]
[White "Short,N"]
[Black "McShane,L"]
[Result "1/2-1/2"]
[WhiteElo "2678"]
[BlackElo "2640"]

1.e4 e5 2.Nf3 Nc6 3.Bb5 Nf6 4.Nc3 Nd4 5.Bc4 Bc5 6.Nxe5 Qe7 7.Nf3 d5 8.Bxd5 Bg4
9.d3 O-O-O 10.Be3 Nxd5 11.Nxd5 Rxd5 12.exd5 Re8 13.O-O Bxf3 14.gxf3 Qh4 15.f4 Bd6
16.Kg2 Nxc2 17.Qxc2 Qg4+ 18.Kh1 Qf3+ 19.Kg1 Qg4+ 20.Kh1 Qf3+ 21.Kg1 Qg4+  1/2-1/2

[Event "ch-GBR KO 2017"]
[Site "London ENG"]
[Date "2017.12.03"]
[Round "2.5"]
[White "McShane,L"]
[Black "Short,N"]
[Result "1-0"]
[WhiteElo "2640"]
[BlackElo "2678"]

1.e4 e6 2.d4 d5 3.e5 b6 4.Nf3 Ne7 5.c3 Qd7 6.Bd3 Ba6 7.O-O c5 8.Re1 Nec6
9.Bc2 h6 10.a3 g5 11.h3 Be7 12.Nbd2 cxd4 13.cxd4 h5 14.Nf1 Rg8 15.Ng3 g4
16.hxg4 h4 17.Nh5 Rxg4 18.Be3 Qb7 19.Bh7 Nd7 20.Nh2 Rg6 21.Bxg6 fxg6 22.Nf4 Nf8
23.Qg4 O-O-O 24.Nxe6 Nxe6 25.Qxe6+ Kb8 26.Rac1 Na5 27.Qxg6 Nc4 28.Bg5 Nxb2
29.Rc3 Nc4 30.Rf3 Bxg5 31.Qxg5 Rc8 32.e6 Nd6 33.e7 Bb5 34.Rf8 Be8 35.Qxh4 Ne4
36.Ng4 Ka8 37.Nf6 Qxe7 38.Qh8  1-0

[Event "ch-GBR KO 2017"]
[Site "London ENG"]
[Date "2017.12.03"]
[Round "2.3"]
[White "Short,N"]
[Black "McShane,L"]
[Result "1/2-1/2"]
[WhiteElo "2678"]
[BlackElo "2640"]

1.g3 g6 2.Bg2 Bg7 3.d4 d5 4.Nf3 Nf6 5.O-O O-O 6.Bf4 Nbd7 7.Nbd2 b6 8.Ne5 Bb7
9.c3 c5 10.Qa4 e6 11.Rfd1 a6 12.Rac1 b5 13.Qa3 Qb6 14.Nb3 Rfc8 15.Qa5 c4
16.Qxb6 Nxb6 17.Nc5 Ra7 18.b4 Ba8 19.a4 Nxa4 20.Nxa4 bxa4 21.Ra1 Ne4 22.Bxe4 dxe4
23.Rxa4 g5 24.Be3 Bd5 25.f3 exf3 26.Nxf3 h6 27.Rda1 Rca8 28.Ra5 Bf8 29.b5 Bd6
30.Rxa6 Rxa6 31.Rxa6 Rxa6 32.bxa6 Kf8 33.h4 f6 34.Kf2 Ke8 35.Bc1 Kd7 36.Nd2 f5
37.Nf3 Kc6 38.hxg5 hxg5 39.Bxg5 Kb6 40.Bf4 Ba3 41.Ke1 Kxa6 42.Kd2 Kb5 43.Ne5 Ka4
44.g4 fxg4 45.Nxg4 Kb3 46.Nf2 Bb2 47.Nd1 Be4 48.Bd6 Bc2 49.Nxb2 Kxb2 50.Bb4 Kb3
51.Ke3 Bd1 52.Kf2 Ka4 53.e4 Kb5 54.Ke3 Kc6 55.Kf4 Bc2 56.Ke5 Bb1 57.Ba3 Bc2
58.d5+ exd5 59.exd5+ Kd7 60.Kd4 Bd3 61.Kc5 Be2 62.Bc1 Bd3 63.Bf4 Be2  1/2-1/2